000 00702nam a2200253Ia 4500
001 1054
003 GE_BSU
008 181216s||||||||xx |||||||||||||| ||und||
020 _a9851358487
040 _cGE_BSU
080 _a316.6:159.9
100 _aСизанов,А.И
245 _aТесты и психологические игры.
245 _bВаш психологический портрет
260 _aМосква
260 _bХарвест
260 _c2006
300 _a576стр.
541 _h15л.
653 _aПсихология
653 _aТесты и психологические игры
653 _aფსიქოლოგია
942 _cBK
999 _c35208
_d35208